| 000 | 01177nam0a22003251 4500 | ||
|---|---|---|---|
| 001 | rc\779000 | ||
| 005 | 20250622130947.0 | ||
| 010 |
_d35 к. _930000 |
||
| 021 |
_aRU _b83-30026 |
||
| 035 | _a(NLR Aleph) 006304974 | ||
| 090 |
_a7290999 _c7290999 |
||
| 100 | _a20040301d1983 |||y0rusy50 ca | ||
| 101 | 0 | _arus | |
| 102 | _aRU | ||
| 105 | _aa z|||||||| | ||
| 200 | 1 |
_aБиография элементарных частиц _fА.И. Ахиезер, М.П. Рекало |
|
| 205 | _a2-е изд., доп. и перераб. | ||
| 210 |
_aКиев _cНаукова думка _d1983 |
||
| 215 |
_a207 с. _cил. _d20 |
||
| 320 | _aБиблиогр.: с. 205-206 | ||
| 606 | 1 |
_aЭлементарные частицы _jПопулярная литература _xИсследование _xИстория _92235488 _3RU\NLR\AUTH\661341620 |
|
| 686 | 0 |
_aВ382г.я9 _2rubbk |
|
| 700 | 1 |
_aАхиезер _bА. И. _f1911- _gАлександр Ильич |
|
| 701 | 1 |
_aРекало _bМ. П. _gМихаил Петрович |
|
| 801 | 0 |
_aRU _bNLR _gpsbo |
|
| 801 | 1 |
_aRU _bELAR _2rusmarc |
|
| 801 | 2 |
_aRU _bNLR _c20151216 _2rusmarc |
|
| 852 |
_aNLR _j83-3/7823 |
||
| 942 | _cBOOK | ||
| 980 | _aNB | ||